Bible for daily living. (Record no. 16955)

000 -LEADER
fixed length control field 00541nam a2200181 a 4500
001 - CONTROL NUMBER
control field :::00020299$&:&@@
003 - CONTROL NUMBER IDENTIFIER
control field OkBaRHE
005 - DATE AND TIME OF LATEST TRANSACTION
control field 20100331124125.0
008 - FIXED-LENGTH DATA ELEMENTS--GENERAL INFORMATION
fixed length control field s1973 j 000 0 eng u
040 ## - CATALOGING SOURCE
Transcribing agency
100 1# - MAIN ENTRY--PERSONAL NAME
Personal name Hall, Newton M., and Wood, Irving F.
245 10 - TITLE STATEMENT
Title Bible for daily living.
260 ## - PUBLICATION, DISTRIBUTION, ETC. (IMPRINT)
Place of publication, distribution, etc Chicago
Name of publisher, distributor, etc John Rudin & Company
Date of publication, distribution, etc 1973
300 ## - PHYSICAL DESCRIPTION
Extent 384 p.
490 0# - SERIES STATEMENT
Series statement The Book of Life
942 ## - ADDED ENTRY ELEMENTS (KOHA)
Source of classification or shelving scheme
Koha item type Books
Copies
Price effective from Koha item type Shelving location Lost status Source of classification or shelving scheme Date last seen Permanent Location Barcode Damaged status Withdrawn status Full call number Not for loan Date acquired Copy number
2010-04-14BooksGeneral Stacks  2018-02-20RHEMA Bible Training College20299  BS 551 .A3 V.10 2010-04-141